000 00601nam a2200253Ia 4500
003 OSt
005 20221005123910.0
006 a|||||r|||| 00| 0
007 ta
008 221004b |||||||| |||| 00| 0 eng d
024 _a57033
037 _cTextual
040 _aCRL
_cCRL
_beng
041 _2eng
_aeng
082 _aU:23686k, F0
110 _aPunjab
245 0 _aMandi states [gazetteer
_b]1920.
260 _c1920
490 _aPunjab gazetteers ; 12A.
650 _aGEOGRAPHY
700 _aPunjab
942 _hU:23686k, F0
_cTEXL
_2cc
999 _c1048859
_d1048859